| 000 | 00418nam a22001697a 4500 | ||
|---|---|---|---|
| 003 | NUST - PNEC | ||
| 005 | 20170116180837.0 | ||
| 008 | 150811b xxu||||| |||| 00| 0 eng d | ||
| 020 | _a0030282810 | ||
| 040 | _cLIBRARY | ||
| 082 | _a530 KIR | ||
| 100 |
_95073 _a Kirkpatrick, Larry D |
||
| 245 |
_aPhysics : a world view _cLarry D,Kirkpatrick |
||
| 250 | _a4th ed | ||
| 650 |
_95075 _aPhysics _x- |
||
| 942 |
_2ddc _cBK |
||
| 999 |
_c64264 _d64264 |
||